Language And Communicative Skills/ (Record no. 188787)

MARC details
000 -LEADER
fixed length control field 00550nam a22001817a 4500
005 - DATE AND TIME OF LATEST TRANSACTION
control field 20220603120536.0
010 ## - LCCN (DPL NO)
LC control number ENG-132982
020 ## - INTERNATIONAL STANDARD BOOK NUMBER
Terms of availability 99.00
035 ## - SYSTEM CONTROL NUMBER
System control number EN-116514
037 ## - SOURCE OF ACQUISITION
Source of stock number/acquisition DBAD/PUB
082 ## - DEWEY DECIMAL CLASSIFICATION NUMBER
Classification number 480
100 ## - MAIN ENTRY--PERSONAL NAME
Personal name Satyanarayana, P.
245 ## - TITLE STATEMENT
Title Language And Communicative Skills/
Statement of responsibility, etc P. Satyanarayana
260 ## - PUBLICATION, DISTRIBUTION, ETC. (IMPRINT)
Place of publication, distribution, etc Machilipatnam
Name of publisher, distributor, etc D. Surya Kumari
Date of publication, distribution, etc 2013
270 ## - ADDRESS
Address M.I.G. 143, A.P.H.B. Colony,
City Machilipatnam
Postal code 521001
Electronic mail address duvvuripublications@gmail.com
300 ## - PHYSICAL DESCRIPTION
Extent 223p.
Dimensions 21cm(pbk)
942 ## - ADDED ENTRY ELEMENTS (KOHA)
Source of classification or shelving scheme Dewey Decimal Classification
Item type English Books
Call number suffix SAT
Classification part 480
Holdings
Withdrawn status Lost status Not for loan Collection code Home library Current library Date acquired Source of acquisition Cost, normal purchase price Full call number Barcode Copy number Cost, replacement price Koha item type
      Non-fiction Patel Nagar Patel Nagar 03/06/2022 DBAD/PUB 99.00 480 SAT EN-116514 1 99.00 English Books

© Delhi Public Library
Hit Counter
free hit counter